UBT Library

PROBLEMS IN BASIC ELECTRONIS (Record no. 58462)

000 -LEADER
fixed length control field 00318nam a22001457a 4500
008 - FIXED-LENGTH DATA ELEMENTS--GENERAL INFORMATION
fixed length control field 221010b ||||| |||| 00| 0 eng d
020 ## - INTERNATIONAL STANDARD BOOK NUMBER
International Standard Book Number 0070251215
041 ## - LANGUAGE CODE
Language code of text/sound track or separate title eng
080 ## - UNIVERSAL DECIMAL CLASSIFICATION NUMBER
Universal Decimal Classification number 62
082 ## - DEWEY DECIMAL CLASSIFICATION NUMBER
Classification number 62 SCH
100 ## - Rafti
Rafti 19.1
101 ## - Shkurtesa
Shkurtesa INXH
245 ## - TITLE STATEMENT
Title PROBLEMS IN BASIC ELECTRONIS
Statement of responsibility, etc SCHULTZ
942 ## - ADDED ENTRY ELEMENTS (KOHA)
Source of classification or shelving scheme
Item type Books
Holdings
Withdrawn status Lost status Source of classification or shelving scheme Damaged status Not for loan Collection code Permanent location Current location Date acquired Total Checkouts Full call number Barcode Date last seen Price effective from Koha item type
          Koleksioni i përgjithshem UBT - Lipjan UBT - Lipjan 10/10/2022   62 SCH 002-800028700248 10/10/2022 10/10/2022 Books
          Koleksioni i përgjithshem UBT - Lipjan UBT - Lipjan 10/10/2022   62 FRI 002-800028700250 10/10/2022 10/10/2022 Books
UBT Library © 2015-2024. All rights reserved University Education for Business and Technology